| 000 | 00879cam a2200265 a 4500 | ||
|---|---|---|---|
| 001 | 2179 | ||
| 005 | 20231108132225.0 | ||
| 020 | _a0439202264 | ||
| 040 |
_aEOW _cEOW _dDLC _beng |
||
| 050 | 0 | 0 |
_aPZ7.H4315 _bGh 2000 |
| 082 | 0 | 0 |
_a303 _221 |
| 100 | 1 |
_aHerman, Gail _d1959- |
|
| 245 | 1 | 0 |
_aGhost in the garden / _cby Gail Herman ; illustrated by Duendes del Sur. |
| 246 | 1 |
_iAt head of title: _aCartoon Network |
|
| 260 |
_aNew York : _bScholastic, _c2000 |
||
| 300 |
_a32 pages : _billustrations _c23 cm |
||
| 490 | 1 |
_aScooby-Doo readers ; _v4 |
|
| 505 | _aH | ||
| 520 | _aScooby-Doo and the gang come to the rescue when Farmer Fran tells them a ghost has taken all of the lettuce and carrots from her garden. | ||
| 521 |
_a480 _bLexile |
||
| 650 | 1 |
_aDogs _vFiction. |
|
| 650 | 1 |
_aGhosts _vFiction. |
|
| 906 |
_a7 _bcbc _ccopycat _d3 _encip _f20 _gy-gencatlg |
||
| 942 |
_2ddc _cBK _n0 |
||
| 999 |
_c2179 _d2179 |
||